000 00933nam a2200277 i 4500
003 DO-SdBNP
005 20250529104749.0
007 ta
008 250529b2024 dr ||||| |||| 00| 0 spa d
020 _a9789945224061
040 _aDO-SdBNP
_bspa
_cBNPHU
_erda
041 _aspa
100 1 _aRomero, Nelson,
_d1954-
_eautor
_4aut.
_987903
245 1 0 _aAliento atrapado en el ocaso /
_cNelson Romero ; prólogo, Ramón Saba.
246 _aAliento atrapado en el ocaso :
_bsonetos
264 4 _aSanto Domingo, República Dominicana :
_bEditora Búho,
_c©2024.
300 _a66 páginas ;
_c22 cm.
336 _atexto
_btxt
_2rdacontent
337 _asin mediación
_bn
_2rdamedia
338 _avolumen
_bnc
_2rdacarrier
500 _aIncluye datos biográficos del autor en la solapa de la cubierta.
590 _aInventariado, 2025 /LP
700 1 _aSaba, Ramón
_eprologuista
_4pr.
_971165
910 _aLP
942 _2ddc
_cLBS1
999 _c58663
_d58663